Tạp chí Nghiên cứu Tài chính Kế toán
সংরক্ষণ করুন:
| প্রধান লেখক: | |
|---|---|
| বিন্যাস: | গ্রন্থ |
| ভাষা: | Undetermined |
| প্রকাশিত: |
Hà Nội
|
| বিষয়গুলি: | |
| অনলাইন ব্যবহার করুন: | http://lrc.tdmu.edu.vn/opac/search/detail.asp?aID=2&ID=6884 |
| ট্যাগগুলো: |
ট্যাগ যুক্ত করুন
কোনো ট্যাগ নেই, প্রথমজন হিসাবে ট্যাগ করুন!
|
| Thư viện lưu trữ: | Trung tâm Học liệu Trường Đại học Thủ Dầu Một |
|---|
| LEADER | 00621nam a2200157Ia 4500 | ||
|---|---|---|---|
| 001 | TDMU_6884 | ||
| 008 | 210410s9999 xx 000 0 und d | ||
| 082 | |a NULL | ||
| 100 | |a Bộ Tài chính | ||
| 245 | 0 | |a Tạp chí Nghiên cứu Tài chính Kế toán | |
| 245 | 0 | |c Bộ Tài chính. Học viện Tài chính | |
| 260 | |a Hà Nội | ||
| 300 | |a 76tr | ||
| 650 | |a Tạp chí Nghiên cứu Tài chính Kế toán ; Tạp chí Chuyên ngành | ||
| 856 | |u http://lrc.tdmu.edu.vn/opac/search/detail.asp?aID=2&ID=6884 | ||
| 980 | |a Trung tâm Học liệu Trường Đại học Thủ Dầu Một | ||